แสดงรายละเอียดบรรณานุกรม
  กลับหน้าหลัก

Brief Record : Get Marc (ISO 2709) : E-mail record : QR code ปิดหน้าต่าง
LEADER 00000nama 2200000uu 4500
008    040531s|||| th m m a000 0 tha d
041    tha
050    วจ WM 20 ศ246ผ 2552.
100    ศรีวรรณ เอมราช.
245    ผลการสอนแบบกลุ่มสัมภาษณ์ต่อผลสัมฤทธิ์ทางการเรียนในวิชาจิตวิทยาทั่วไปของนักศึกษาพยาบาล หลักสูตรพยาบาลศาสตรบัณฑิต ชั้นปีที่ 1 รุ่นที่ 54 = The Effects of Team Interview Learning Method on Academic Achievement in General Psychology Suject of First Year Nursi
260    นครราชสีมา. วิทยาลัยพยาบาลบรมราชชนนี นครราชสีมา. 2552.
300    46 หน้า.
600    1.จันทร์สุดา ลีลาเขตต์ 2.ประภาพร ซึมรัมย์. 3.วิทยาลัยพยาบาลบรมราชชนนี นครราชสีมา.
650    1.ผลสัมฤทธิ์ทางการเรียน - - วิชาจิตวิทยา.
995    004
รายการนี้ยังไม่มีแท็ก
คุณยังไม่ได้ล็อกอิน คุณสามารถมีกิจกรรมร่วมกับเว็บไซต์ได้ แต่ต้องล็อกอินก่อน ::
  ล็อกอิน
ลำดับที่ ประเภท เลขเรียก สถานที่ สถานะ
1. หนังสือทั่วไป
หนังสือทั่วไป
วจ WM 20 ศ246ผ 2552.  
  
หนังสือทั่วไป On Shelf
  ขอยืม
   [แสดง 1/1 รายการ]

BibComment


ยังไม่เคยถูกคอมเมนท์

คอมเมนท์ทรัพยากรรายการนี้
  คอมเมนท์: ผลการสอนแบบกลุ่มส..
Bib 200462

 
 
 

 Union Library Management : ULibM
Copyright 2026. All Rights Reserved.
скачать бесплатно без регистрации порно красивый секс HD Sex Hindi sex

xxx gou

xxxx

bfxxx

xxxwww

Секса Видео

xxxx

Секса Видео

detube

geilexxx

C99 Shell

worms shell

blod xxx video
Ebony Coed Rihanna Rimes Takes A Dick In Her Young Twat priyaa indian fuck anal and pusssy hardcore indian women xxx desi hardcore fucking part 1 bengalixxxcouple